| 000 | 00502nam a22001937a 4500 | ||
|---|---|---|---|
| 003 | OSt | ||
| 005 | 20140310181721.0 | ||
| 008 | 130306t xxu||||| |||| 00| 0 eng d | ||
| 020 | _a0748780793 | ||
| 050 |
_aBJ 1008 _b.B786 2004 |
||
| 082 |
_aIB 205 _bB67 2004 |
||
| 100 | _aBowie, Robert. | ||
| 245 |
_aEthical studies / _cRobert Bowie. |
||
| 250 | _a2nd ed. | ||
| 260 |
_aCheltenham, U.K. : _bNelson Thornes, _cc2004. |
||
| 300 |
_a346 p. : _bill. ; _c24 cm. |
||
| 942 |
_2lcc _cBK |
||
| 999 |
_c2003 _d2003 |
||